Ako správne motivovať?

O voľbe správnej motivácie pre zamestnancov. Človek nie je kapitál. Nie vždy ide o peniaze. Zamestnanec súčasťou rozhodnutí. Železná ruka demotivuje. Existujú účelné motivačné techniky?

Salvato in:
Dettagli Bibliografici
Autore principale: Bokorová, Jana
Natura: Capitolo di libro
Lingua:slovacco
Soggetti:
Tags: Aggiungi Tag
Nessun Tag, puoi essere il primo ad aggiungerne!!

MARC

LEADER 00000naa a2200000 4500
001 r045221
005 20231004093958.3
041 0 |a slo 
044 |a SK 
245 1 0 |a Ako správne motivovať?  |c Jana Bokorová 
520 |a O voľbe správnej motivácie pre zamestnancov. Človek nie je kapitál. Nie vždy ide o peniaze. Zamestnanec súčasťou rozhodnutí. Železná ruka demotivuje. Existujú účelné motivačné techniky? 
610 2 0 |a motivácia pracovná 
610 2 0 |a zamestnanci 
610 2 0 |a zamestnávatelia 
610 2 0 |a zdroje ľudské 
610 2 0 |a sily pracovné 
610 2 0 |a vzťahy pracovné 
100 1 |a Bokorová, Jana